00602nam a2200181Ia 4500952013500000999001700135003000400152005001700156008004100173040000900214082002200223100001500245245004100260260004800301300000900349650001200358942005000370 00102ddc40708SSaMESbMEScMALd2019-02-20g195.00l0o894.812301 JOJ/Ip32016r2019-02-20 00:00:00t2w2019-02-20yBKzGR30R2 c29275d29275OSt20210106113037.0190216s9999||||xx |||||||||||||| ||und|| coclc a894.812301bJOJ/I aJoji97997 0aIvide Sathyam Nilavilikkunnu /cJoji bNishagandhi Publications,laTrissur:c2007. a383p aPadanam cBK2ddch894.812301iJOJ/Ik894.812301mJOJ/I